000 00222 a2200097 4500
020 _a978-0-7787-8429-0
041 _aspa
100 _aBobbie Kalman
245 _aLos veterinarios cuidan la salud de los animales
942 _cBK
999 _c4578
_d4578